La Concepción marxista-leninista del socialismo desarrollado /

Guardado en:
Bibliografiske detaljer
Hovedforfatter: Medvédev, Vadim
Format: Texto
Tags: Tilføj Tag
Ingen Tags, Vær først til at tagge denne postø!

MARC

LEADER 00000 a a2200000 04500
001 3198
003
040
100 |a Medvédev, Vadim 
245 |a La Concepción marxista-leninista del socialismo desarrollado /  |c Vadim Medvedev 
500 |a OJO! Pasar esta ficha a REV0180--- Revisar toda la revista ya que está relacionada con REV1381 
773 |g número 4 (1979); páginas 10-25  
999 |c 34667  |d 34667